000 00618nam a22001697a 4500
020 _qHard Cover.
082 _a621.3
100 _aAzhar, Taal.
245 _aHeuristic Approaches for Optimized Regenerator Placement with Hybrid Fiber Amplification in optical Networks
_cTaal Azhar.
260 _aIslamabad:
_bSEECS - NUST,
_c2018.
300 _a43 p.: ill.;
_c30cm.
_e+CD
650 _aInformation Technology MS-Thesis.
_916355
700 _aDr. Arsalah Ahmad
_925630
856 _uhttp://10.250.8.41:8080/xmlui/handle/123456789/21710
942 _2ddc
_cTHE
999 _c532248
_d532248